书目信息 |
| 题名: |
组织行为学
|
|
| 作者: | 张德 主编 | |
| 分册: | ||
| 出版信息: | 北京 高等教育出版社 2004 |
|
| 页数: | 305页 | |
| 开本: | 22cm | |
| 丛书名: | 面向21世纪课程教材 | |
| 单 册: | ||
| 中图分类: | C936 | |
| 科图分类: | ||
| 主题词: | 管理行为学--教材 | |
| 电子资源: | ||
| ISBN: | 7-04-013948-0 | |
| 000 | 00584nam0 2200217 45 | |
| 001 | 0009200943 | |
| 005 | 20070726085317.15 | |
| 010 | @a7-04-013948-0@dCNY25.10 | |
| 100 | @a20000920d2004 km y0chiy0120 ea | |
| 101 | 0 | @achi |
| 200 | 1 | @a组织行为学@AZu Zhi Xing Wei Xue@f张德主编@FZhang De Zhu Bian |
| 205 | @a2版 | |
| 210 | @a北京@c高等教育出版社@d2004 | |
| 215 | @a305页@d22cm | |
| 225 | @a面向21世纪课程教材 | |
| 410 | @12001 @a面向21世纪课程教材 | |
| 606 | 0 | @a管理行为学@x教材 |
| 690 | @aC936@v1 | |
| 701 | 0 | @a张德@4主编 |
| 801 | @aCN@bTSTC@c20070726 | |
| 905 | @dC936@e108=2 | |
| 组织行为学/张德主编.-2版.-北京:高等教育出版社,2004 |
| 305页;22cm.-(面向21世纪课程教材) |
| ISBN 7-04-013948-0:CNY25.10 |
| ● |
| 相关链接 |
|
|
|
|
正题名:组织行为学
索取号:C936/108=2
 
预约/预借
| 序号 | 登录号 | 条形码 | 馆藏地/架位号 | 状态 | 备注 |
| 1 | 0770733 | 207707338 | 第一样本阅览室/ [索取号:C936/108=2] | 在馆 | |
| 2 | 0770734 | 207707347 | 密集书库/ [索取号:C936/108=2] | 在馆 | |
| 3 | 0770735 | 207707356 | 密集书库/ [索取号:C936/108=2] | 在馆 | |
| 4 | 0770736 | 207707365 | 密集书库/ [索取号:C936/108=2] | 在馆 | |
| 5 | 0788536 | 207885369 | 密集书库/ [索取号:C936/108=2] | 在馆 |